Freguesias de Vagos - Statistics

Estatísticas Gerais
  • Esse quiz foi jogado 5 vezes
  • A pontuação média é 7 de 11
Estatísticas das Respostas
Número Freguesia % Correto
6 Ponte de Vagos
100%
1 Calvão
75%
2 Covão do Lobo
75%
3 Fonte de Angeão
75%
4 Gafanha da Boa Hora
75%
11 Vagos
75%
7 Santa Catarina
50%
8 Santo André de Vagos
50%
10 Sosa
50%
5 Ouca
25%
9 Santo António de Vagos
25%
Nenhum quiz correspondente encontrado
Distribuição das Pontuações
Porcentagem de Pessoas com Cada Pontuação
Percentil de Números Respondidos
Sua Pontuação Histórica
Você não jogou esse quiz